Normal view
MARC view
Entry Personal Name
001 - CONTROL NUMBER
- control field: 14834
003 - CONTROL NUMBER IDENTIFIER
- control field: ARRUPE
005 - DATE AND TIME OF LATEST TRANSACTION
- control field: 20150204111823.0
008 - FIXED-LENGTH DATA ELEMENTS
- fixed length control field: 150204|| aca||aabn | a|a d
040 ## - CATALOGING SOURCE
- Original cataloging agency: ARRUPE
- Transcribing agency: ARRUPE
100 ## - HEADING--PERSONAL NAME
- Personal name: Cooper, David E.
670 ## - SOURCE DATA FOUND
- Source citation: Work cat.: (ARRUPE)65205: Cooper, David E., Meaning, 2003